000 01216pam a2200349 i 4500
999 _c1604
_d1604
001 016940726
003 Uk
005 20230116093658.0
008 140904r20152008enka j b 000|p|eng|d
015 _aGBB4C7618
_2bnb
016 7 _a016940726
_2Uk
020 _a9781847806277 (hbk.) :
040 _aStDuBDS
_beng
_cStDuBDS
_dUk
_dKH8
_erda
041 0 _aeng
_amul
042 _aukblcatcopy
082 0 4 _a808.81 WRI
_223
100 1 _aWright, Danielle,
_ecompiler.
245 1 0 _aMy village :
_brhymes from around the world /
_ccollected by Danielle Wright ; illustrated by Mique Moriuchi ; introduced by Michael Rosen.
264 1 _aLondon :
_bFrances Lincoln Children's Books,
_c2015.
300 _a53 pages :
_billustrations (colour) ;
_c25 cm
336 _atext
_2rdacontent
336 _astill image
_2rdacontent
337 _aunmediated
_2rdamedia
338 _avolume
_2rdacarrier
500 _aOriginally published: Wellington: Gecko, 2008.
500 _aFormerly CIP.
_5Uk
504 _aIncludes bibliographical references.
546 _aParallel English text with translations in multiple languages.
650 0 _aChildren's poetry.
700 1 _aMoriuchi, Mique,
_eillustrator.
942 _2ddc
_cNFIC